[Event "DEM U14w 2021"]
[Site "Willingen GER"]
[Date "2021.08.26"]
[Round "5"]
[White "Bräutigam, Katerina"]
[Black "Ulrich, Helena Irene"]
[Result "1-0"]
[Termination "normal"]
[Board "4"]
[WhiteElo "1738"]
[BlackElo "1540"]
[WhiteClock "00:05:32"]
[BlackClock "00:12:26"]
[PlyCount "91"]
[WhiteFideId "16242980"]
[BlackFideId "16256000"]
[EventCountry "GER"]
[EventRounds "9"]
[EventType "swiss"]
[EventDate "2021.08.22"]

1. e4 {[%clk 01:30:57]} {[%emt 00:00:02]} c5 {[%clk 01:30:55]} {[%emt
00:00:06]} 2. Nc3 {[%clk 01:31:23]} {[%emt 00:00:04]} d6 {[%clk 01:30:32]}
{[%emt 00:00:53]} 3. g3 {[%clk 01:31:44]} {[%emt 00:00:09]} Nc6 {[%clk
01:29:09]} {[%emt 00:01:53]} 4. Bg2 {[%clk 01:32:07]} {[%emt 00:00:07]} g6
{[%clk 01:29:17]} {[%emt 00:00:22]} 5. d3 {[%clk 01:32:30]} {[%emt 00:00:07]}
Bg7 {[%clk 01:29:11]} {[%emt 00:00:36]} 6. f4 {[%clk 01:32:47]} {[%emt
00:00:13]} e6 {[%clk 01:28:59]} {[%emt 00:00:42]} 7. Nf3 {[%clk 01:33:09]}
{[%emt 00:00:07]} Nge7 {[%clk 01:28:54]} {[%emt 00:00:35]} 8. Be3 {[%clk
01:32:58]} {[%emt 00:00:41]} Nd4 {[%clk 01:26:37]} {[%emt 00:02:48]} 9. O-O
{[%clk 01:33:06]} {[%emt 00:00:21]} O-O {[%clk 01:25:42]} {[%emt 00:01:26]} 10.
e5 {[%clk 01:32:05]} {[%emt 00:01:31]} Nxf3+ {[%clk 01:12:27]} {[%emt
00:13:45]} 11. Qxf3 {[%clk 01:32:26]} {[%emt 00:00:09]} Nf5 {[%clk 01:06:33]}
{[%emt 00:06:26]} 12. Bf2 {[%clk 01:29:32]} {[%emt 00:03:23]} Nd4 {[%clk
01:03:53]} {[%emt 00:03:11]} 13. Qd1 {[%clk 01:29:18]} {[%emt 00:00:43]} dxe5
{[%clk 00:55:23]} {[%emt 00:09:02]} 14. fxe5 {[%clk 01:29:01]} {[%emt
00:00:47]} Bxe5 {[%clk 00:53:52]} {[%emt 00:02:00]} 15. Ne4 {[%clk 01:28:43]}
{[%emt 00:00:47]} c4 {[%clk 00:47:31]} {[%emt 00:06:51]} 16. c3 {[%clk
01:16:44]} {[%emt 00:12:29]} Nf5 {[%clk 00:43:38]} {[%emt 00:04:24]} 17. Bc5
{[%clk 00:59:59]} {[%emt 00:17:15]} Re8 {[%clk 00:42:46]} {[%emt 00:01:22]} 18.
d4 {[%clk 00:40:01]} {[%emt 00:20:28]} Bg7 {[%clk 00:36:29]} {[%emt 00:06:47]}
19. Qf3 {[%clk 00:38:07]} {[%emt 00:02:22]} Qd7 {[%clk 00:25:10]} {[%emt
00:11:49]} 20. Rf2 {[%clk 00:21:21]} {[%emt 00:17:16]} e5 {[%clk 00:14:34]}
{[%emt 00:11:06]} 21. g4 {[%clk 00:06:07]} {[%emt 00:15:45]} Nh6 {[%clk
00:09:26]} {[%emt 00:05:38]} 22. Nd6 {[%clk 00:05:47]} {[%emt 00:00:50]} e4
{[%clk 00:05:51]} {[%emt 00:04:04]} 23. Qe2 {[%clk 00:01:39]} {[%emt 00:04:38]}
Rd8 {[%clk 00:03:20]} {[%emt 00:03:01]} 24. Raf1 {[%clk 00:00:54]} {[%emt
00:01:15]} f6 {[%clk 00:02:15]} {[%emt 00:01:36]} 25. Qxc4+ {[%clk 00:01:03]}
{[%emt 00:00:21]} Qe6 {[%clk 00:02:14]} {[%emt 00:00:32]} 26. Qxe6+ {[%clk
00:00:43]} {[%emt 00:00:49]} Bxe6 {[%clk 00:02:40]} {[%emt 00:00:04]} 27. Bxe4
{[%clk 00:00:36]} {[%emt 00:00:37]} Nxg4 {[%clk 00:02:39]} {[%emt 00:00:30]}
28. Rf3 {[%clk 00:00:37]} {[%emt 00:00:30]} b6 {[%clk 00:02:21]} {[%emt
00:00:49]} 29. Ba3 {[%clk 00:00:33]} {[%emt 00:00:33]} Rab8 {[%clk 00:02:30]}
{[%emt 00:00:19]} 30. d5 {[%clk 00:00:35]} {[%emt 00:00:30]} Bd7 {[%clk
00:02:03]} {[%emt 00:00:58]} 31. Bc2 {[%clk 00:00:34]} {[%emt 00:00:32]} Ne5
{[%emt 00:00:22]} 32. Re3 {[%clk 00:00:34]} {[%emt 00:00:28]} Be8 {[%clk
00:02:12]} {[%emt 00:00:31]} 33. Nxe8 {[%clk 00:00:36]} {[%emt 00:00:28]} Rxe8
{[%clk 00:02:38]} {[%emt 00:00:04]} 34. Bb3 {[%clk 00:00:41]} {[%emt 00:00:25]}
Bh6 {[%clk 00:02:45]} {[%emt 00:00:22]} 35. Rg3 {[%clk 00:00:33]} {[%emt
00:00:38]} Nd7 {[%emt 00:00:37]} 36. Rd1 {[%clk 00:00:33]} {[%emt 00:00:35]}
Be3+ {[%clk 00:02:42]} {[%emt 00:00:23]} 37. Kh1 {[%clk 00:00:34]} {[%emt
00:00:30]} Kg7 {[%clk 00:02:30]} {[%emt 00:00:40]} 38. c4 {[%clk 00:00:33]}
{[%emt 00:00:32]} Bf4 {[%clk 00:02:18]} {[%emt 00:00:41]} 39. Rg2 {[%clk
00:00:36]} {[%emt 00:00:26]} Nc5 {[%clk 00:02:23]} {[%emt 00:00:25]} 40. Bc2
{[%clk 00:00:33]} {[%emt 00:00:33]} Rbd8 {[%clk 00:00:38]} {[%emt 00:02:15]}
41. b4 {[%clk 00:24:15]} {[%emt 00:06:47]} Nb7 {[%clk 00:28:26]} {[%emt
00:02:43]} 42. c5 {[%clk 00:22:18]} {[%emt 00:02:25]} bxc5 {[%clk 00:19:19]}
{[%emt 00:09:38]} 43. bxc5 {[%clk 00:22:29]} {[%emt 00:00:19]} Re5 {[%clk
00:14:53]} {[%emt 00:04:55]} 44. c6 {[%clk 00:14:23]} {[%emt 00:08:37]} Na5
{[%clk 00:14:22]} {[%emt 00:01:02]} 45. c7 {[%clk 00:14:22]} {[%emt 00:00:31]}
Rc8 {[%clk 00:12:26]} {[%emt 00:02:26]} 46. Bd6 {[%clk 00:05:32]} {[%emt
00:09:20]} 1-0

[Event "DEM U14w 2021"]
[Site "Willingen GER"]
[Date "2021.08.26"]
[Round "5"]
[White "Keymer, Cecilia"]
[Black "Glowiak, Alexandra"]
[Result "1-0"]
[Termination "normal"]
[Board "5"]
[WhiteElo "1612"]
[BlackElo "1413"]
[WhiteClock "00:26:29"]
[BlackClock "00:20:13"]
[PlyCount "145"]
[WhiteFideId "16233468"]
[BlackFideId "16259530"]
[EventCountry "GER"]
[EventRounds "9"]
[EventType "swiss"]
[EventDate "2021.08.22"]

1. d4 {[%clk 01:30:58]} d5 {[%clk 01:30:51]} {[%emt 00:00:10]} 2. c4 {[%clk
01:31:24]} {[%emt 00:00:04]} e6 {[%clk 01:31:15]} {[%emt 00:00:05]} 3. Nc3
{[%clk 01:31:49]} {[%emt 00:00:06]} Nf6 {[%clk 01:31:38]} {[%emt 00:00:06]} 4.
cxd5 {[%clk 01:32:16]} {[%emt 00:00:05]} exd5 {[%clk 01:31:58]} {[%emt
00:00:09]} 5. Bg5 {[%clk 01:32:40]} {[%emt 00:00:06]} Be7 {[%clk 01:31:42]}
{[%emt 00:00:46]} 6. e3 {[%clk 01:32:53]} {[%emt 00:00:17]} c6 {[%clk
01:31:22]} {[%emt 00:00:50]} 7. Bd3 {[%clk 01:33:00]} {[%emt 00:00:22]} Nbd7
{[%clk 01:31:18]} {[%emt 00:00:33]} 8. h3 {[%clk 01:32:45]} {[%emt 00:00:46]}
O-O {[%clk 01:30:27]} {[%emt 00:01:21]} 9. Qc2 {[%clk 01:32:45]} {[%emt
00:00:32]} Re8 {[%clk 01:29:40]} {[%emt 00:01:17]} 10. Nf3 {[%clk 01:32:25]}
{[%emt 00:00:50]} Nf8 {[%clk 01:21:26]} {[%emt 00:08:43]} 11. O-O {[%clk
01:30:30]} {[%emt 00:02:26]} Ne4 {[%clk 01:19:37]} {[%emt 00:02:19]} 12. Bf4
{[%clk 01:25:07]} {[%emt 00:05:54]} Nxc3 {[%clk 01:18:32]} {[%emt 00:01:34]}
13. Qxc3 {[%clk 01:22:32]} {[%emt 00:03:06]} Ne6 {[%clk 01:09:44]} {[%emt
00:09:16]} 14. Be5 {[%clk 01:17:17]} {[%emt 00:05:46]} Ng5 {[%clk 01:03:20]}
{[%emt 00:06:54]} 15. Nd2 {[%clk 01:11:55]} {[%emt 00:05:51]} Bd6 {[%clk
00:55:51]} {[%emt 00:07:59]} 16. h4 {[%clk 01:02:18]} {[%emt 00:10:07]} Ne4
{[%clk 00:46:28]} {[%emt 00:09:54]} 17. Bxe4 {[%clk 00:56:58]} {[%emt
00:05:50]} dxe4 {[%clk 00:38:46]} {[%emt 00:08:13]} 18. Nxe4 {[%clk 00:54:40]}
{[%emt 00:02:48]} Bf8 {[%clk 00:33:49]} {[%emt 00:05:26]} 19. Ng5 {[%clk
00:49:36]} {[%emt 00:05:33]} f6 {[%clk 00:27:54]} {[%emt 00:06:26]} 20. Bc7
{[%clk 00:44:17]} {[%emt 00:05:48]} Qd5 {[%clk 00:27:27]} {[%emt 00:00:56]} 21.
Nf3 {[%clk 00:37:56]} {[%emt 00:06:53]} Bg4 {[%clk 00:25:59]} {[%emt 00:01:58]}
22. Nd2 {[%clk 00:34:59]} {[%emt 00:03:27]} Re7 {[%clk 00:21:56]} {[%emt
00:04:32]} 23. Bg3 {[%clk 00:32:46]} {[%emt 00:02:43]} Qh5 {[%clk 00:19:33]}
{[%emt 00:02:52]} 24. Nc4 {[%clk 00:29:23]} {[%emt 00:03:56]} g5 {[%clk
00:18:34]} {[%emt 00:01:28]} 25. hxg5 {[%clk 00:28:35]} {[%emt 00:01:18]} Qxg5
{[%clk 00:18:35]} {[%emt 00:00:27]} 26. Rfe1 {[%clk 00:24:30]} {[%emt
00:04:36]} f5 {[%clk 00:16:09]} {[%emt 00:02:57]} 27. Ne5 {[%clk 00:22:03]}
{[%emt 00:02:56]} Bg7 {[%clk 00:12:53]} {[%emt 00:03:46]} 28. Qc4+ {[%clk
00:20:10]} {[%emt 00:02:24]} Kf8 {[%clk 00:13:07]} {[%emt 00:00:17]} 29. Nxg4
{[%clk 00:19:42]} {[%emt 00:00:57]} Qxg4 {[%clk 00:12:11]} {[%emt 00:01:26]}
30. Bd6 {[%clk 00:19:51]} {[%emt 00:00:20]} Rae8 {[%clk 00:11:20]} {[%emt
00:01:22]} 31. Bxe7+ {[%clk 00:18:00]} {[%emt 00:02:20]} Rxe7 {[%clk 00:11:36]}
{[%emt 00:00:15]} 32. Qc5 {[%clk 00:16:36]} {[%emt 00:01:54]} a6 {[%clk
00:09:51]} {[%emt 00:02:16]} 33. Qd6 {[%clk 00:15:58]} {[%emt 00:01:08]} Kf7
{[%clk 00:08:21]} {[%emt 00:02:00]} 34. Qg3 {[%clk 00:14:54]} {[%emt 00:01:34]}
Qe4 {[%clk 00:06:43]} {[%emt 00:02:07]} 35. Qf3 {[%clk 00:14:15]} {[%emt
00:01:09]} Qxf3 {[%clk 00:06:08]} {[%emt 00:01:05]} 36. gxf3 {[%clk 00:14:34]}
{[%emt 00:00:12]} Re6 {[%clk 00:05:12]} {[%emt 00:01:26]} 37. Rad1 {[%clk
00:13:30]} {[%emt 00:01:34]} Rd6 {[%clk 00:04:35]} {[%emt 00:01:09]} 38. b3
{[%clk 00:12:26]} {[%emt 00:01:33]} h6 {[%clk 00:03:24]} {[%emt 00:01:40]} 39.
Kh2 {[%clk 00:11:45]} {[%emt 00:01:12]} a5 {[%clk 00:02:05]} {[%emt 00:01:49]}
40. Rd3 {[%clk 00:10:05]} {[%emt 00:02:10]} c5 {[%clk 00:01:36]} {[%emt
00:00:59]} 41. d5 {[%clk 00:09:17]} {[%emt 00:01:18]} b6 {[%clk 00:00:48]}
{[%emt 00:01:18]} 42. f4 {[%clk 00:07:12]} {[%emt 00:02:34]} h5 {[%clk
00:21:37]} {[%emt 00:09:42]} 43. Rg1 {[%clk 00:35:17]} {[%emt 00:02:25]} Bf6
{[%clk 00:21:42]} {[%emt 00:00:25]} 44. f3 {[%clk 00:34:22]} {[%emt 00:01:24]}
h4 {[%clk 00:19:49]} {[%emt 00:02:24]} 45. Kh3 {[%clk 00:32:56]} {[%emt
00:01:56]} Ke7 {[%clk 00:17:53]} {[%emt 00:02:26]} 46. e4 {[%clk 00:32:16]}
{[%emt 00:01:10]} Bd4 {[%clk 00:17:32]} {[%emt 00:00:50]} 47. Rg5 {[%clk
00:28:34]} {[%emt 00:04:12]} fxe4 {[%clk 00:17:19]} {[%emt 00:00:44]} 48. fxe4
{[%clk 00:28:16]} {[%emt 00:00:49]} Rf6 {[%clk 00:16:57]} {[%emt 00:00:51]} 49.
Kg4 {[%clk 00:26:07]} {[%emt 00:02:39]} Rh6 {[%clk 00:16:34]} {[%emt 00:00:53]}
50. e5 {[%clk 00:24:50]} {[%emt 00:01:47]} h3 {[%clk 00:16:23]} {[%emt
00:00:41]} 51. Rxh3 {[%clk 00:24:56]} {[%emt 00:00:24]} Rxh3 {[%clk 00:16:43]}
{[%emt 00:00:11]} 52. Kxh3 {[%clk 00:25:18]} {[%emt 00:00:08]} b5 {[%clk
00:17:04]} {[%emt 00:00:08]} 53. Rg7+ {[%clk 00:23:29]} {[%emt 00:02:19]} Kd8
{[%clk 00:17:18]} {[%emt 00:00:16]} 54. Rg8+ {[%clk 00:23:09]} {[%emt
00:00:49]} Kd7 {[%clk 00:17:25]} {[%emt 00:00:23]} 55. Rg2 {[%clk 00:21:58]}
{[%emt 00:01:42]} c4 {[%clk 00:16:05]} {[%emt 00:01:50]} 56. bxc4 {[%clk
00:21:48]} {[%emt 00:00:40]} bxc4 {[%clk 00:16:33]} {[%emt 00:00:02]} 57. Rc2
{[%clk 00:22:02]} {[%emt 00:00:16]} c3 {[%clk 00:16:56]} {[%emt 00:00:07]} 58.
Kg3 {[%clk 00:22:19]} {[%emt 00:00:13]} a4 {[%clk 00:17:14]} {[%emt 00:00:12]}
59. Kf3 {[%clk 00:22:24]} {[%emt 00:00:23]} a3 {[%clk 00:17:31]} {[%emt
00:00:14]} 60. Ke4 {[%clk 00:22:45]} {[%emt 00:00:08]} Bc5 {[%clk 00:17:48]}
{[%emt 00:00:13]} 61. Rxc3 {[%clk 00:23:03]} {[%emt 00:00:13]} Bf8 {[%clk
00:18:03]} {[%emt 00:00:14]} 62. d6 {[%clk 00:23:01]} {[%emt 00:00:32]} Bh6
{[%clk 00:17:47]} {[%emt 00:00:46]} 63. Rxa3 {[%clk 00:23:23]} {[%emt
00:00:07]} Ke8 {[%clk 00:17:54]} {[%emt 00:00:24]} 64. f5 {[%clk 00:23:45]}
{[%emt 00:00:08]} Bg5 {[%clk 00:17:44]} {[%emt 00:00:39]} 65. Kd5 {[%clk
00:24:09]} {[%emt 00:00:07]} Kf8 {[%clk 00:17:52]} {[%emt 00:00:22]} 66. e6
{[%clk 00:24:31]} {[%emt 00:00:08]} Kg7 {[%clk 00:18:11]} {[%emt 00:00:11]} 67.
e7 {[%clk 00:24:41]} {[%emt 00:00:19]} Bxe7 {[%clk 00:18:28]} {[%emt 00:00:14]}
68. dxe7 {[%clk 00:25:08]} {[%emt 00:00:03]} Kf6 {[%clk 00:18:48]} {[%emt
00:00:09]} 69. e8=Q {[%clk 00:25:18]} {[%emt 00:00:21]} Kxf5 {[%clk 00:19:10]}
{[%emt 00:00:08]} 70. Qe5 {[%clk 00:25:36]} {[%emt 00:00:11]} Kg6 {[%clk
00:19:28]} {[%emt 00:00:12]} 71. Rg3+ {[%clk 00:26:01]} {[%emt 00:00:05]} Kf7
{[%clk 00:19:51]} {[%emt 00:00:06]} 72. Rg7+ {[%clk 00:26:29]} {[%emt
00:00:04]} Kf8 {[%clk 00:20:13]} {[%emt 00:00:07]} 73. Qe7# {[%emt 00:00:03]}
1-0

[Event "DEM U14w 2021"]
[Site "Willingen GER"]
[Date "2021.08.26"]
[Round "5"]
[White "Stepanjan, Marianne"]
[Black "Peglau, Charis"]
[Result "0-1"]
[Termination "normal"]
[Board "6"]
[WhiteElo "1392"]
[BlackElo "1827"]
[WhiteClock "00:31:41"]
[BlackClock "00:29:18"]
[PlyCount "110"]
[WhiteFideId "16246110"]
[BlackFideId "16219996"]
[EventCountry "GER"]
[EventRounds "9"]
[EventType "swiss"]
[EventDate "2021.08.22"]

1. e4 {[%clk 01:30:57]} {[%emt 00:00:02]} c6 {[%clk 01:30:53]} {[%emt
00:00:07]} 2. d4 {[%clk 01:31:22]} {[%emt 00:00:04]} d5 {[%clk 01:31:19]}
{[%emt 00:00:04]} 3. exd5 {[%clk 01:31:44]} {[%emt 00:00:08]} cxd5 {[%clk
01:31:46]} {[%emt 00:00:04]} 4. c4 {[%clk 01:32:05]} {[%emt 00:00:10]} Nf6
{[%clk 01:32:10]} {[%emt 00:00:05]} 5. Nc3 {[%clk 01:32:18]} {[%emt 00:00:17]}
g6 {[%clk 01:32:25]} {[%emt 00:00:16]} 6. Nf3 {[%clk 01:32:05]} {[%emt
00:00:42]} Bg7 {[%clk 01:29:14]} {[%emt 00:03:41]} 7. Be2 {[%clk 01:31:32]}
{[%emt 00:01:02]} O-O {[%clk 01:27:51]} {[%emt 00:01:54]} 8. O-O {[%clk
01:31:52]} {[%emt 00:00:08]} Nc6 {[%clk 01:27:29]} {[%emt 00:00:52]} 9. Bf4
{[%clk 01:29:03]} {[%emt 00:03:19]} dxc4 {[%clk 01:21:57]} {[%emt 00:06:02]}
10. d5 {[%clk 01:22:56]} {[%emt 00:06:38]} Na5 {[%clk 01:13:32]} {[%emt
00:08:55]} 11. Qd2 {[%clk 01:08:14]} {[%emt 00:15:13]} b6 {[%clk 01:09:04]}
{[%emt 00:04:58]} 12. Bh6 {[%clk 01:03:56]} {[%emt 00:04:47]} Bf5 {[%clk
00:59:56]} {[%emt 00:09:38]} 13. Bxg7 {[%clk 01:01:47]} {[%emt 00:02:38]} Kxg7
{[%clk 01:00:22]} {[%emt 00:00:05]} 14. Ne5 {[%clk 01:00:10]} {[%emt 00:02:05]}
Rc8 {[%clk 00:54:14]} {[%emt 00:06:39]} 15. Qd4 {[%clk 00:58:02]} {[%emt
00:02:36]} h5 {[%clk 00:48:31]} {[%emt 00:06:17]} 16. f3 {[%clk 00:53:30]}
{[%emt 00:05:02]} Bd3 {[%clk 00:44:22]} {[%emt 00:04:39]} 17. Bxd3 {[%clk
00:47:11]} {[%emt 00:06:50]} cxd3 {[%clk 00:44:46]} {[%emt 00:00:06]} 18. Qxd3
{[%clk 00:47:24]} {[%emt 00:00:16]} Qd6 {[%clk 00:42:44]} {[%emt 00:02:31]} 19.
Rfe1 {[%clk 00:41:04]} {[%emt 00:06:49]} Rfd8 {[%clk 00:40:22]} {[%emt
00:02:54]} 20. Rad1 {[%clk 00:37:24]} {[%emt 00:04:09]} Qc5+ {[%clk 00:23:27]}
{[%emt 00:17:25]} 21. Qe3 {[%clk 00:33:27]} {[%emt 00:04:27]} Qxe3+ {[%clk
00:22:49]} {[%emt 00:01:09]} 22. Rxe3 {[%clk 00:33:47]} {[%emt 00:00:09]} Rd6
{[%clk 00:21:59]} {[%emt 00:01:21]} 23. Red3 {[%clk 00:28:33]} {[%emt
00:05:44]} a6 {[%clk 00:19:34]} {[%emt 00:02:55]} 24. Ne4 {[%clk 00:22:51]}
{[%emt 00:06:11]} Nxe4 {[%clk 00:17:43]} {[%emt 00:02:22]} 25. fxe4 {[%clk
00:23:06]} {[%emt 00:00:14]} Rc2 {[%clk 00:13:24]} {[%emt 00:04:51]} 26. R3d2
{[%clk 00:20:59]} {[%emt 00:02:34]} Rxd2 {[%clk 00:13:43]} {[%emt 00:00:13]}
27. Rxd2 {[%clk 00:21:08]} {[%emt 00:00:21]} b5 {[%clk 00:12:29]} {[%emt
00:01:45]} 28. Kf2 {[%clk 00:15:13]} {[%emt 00:06:23]} Kf6 {[%clk 00:07:47]}
{[%emt 00:05:14]} 29. Nf3 {[%clk 00:15:00]} {[%emt 00:00:42]} Nc4 {[%clk
00:07:47]} {[%emt 00:00:31]} 30. Rd4 {[%clk 00:13:05]} {[%emt 00:02:24]} Ne5
{[%clk 00:07:15]} {[%emt 00:01:02]} 31. h3 {[%clk 00:10:23]} {[%emt 00:03:11]}
Nxf3 {[%clk 00:04:55]} {[%emt 00:02:51]} 32. gxf3 {[%clk 00:09:58]} {[%emt
00:00:55]} Ke5 {[%clk 00:05:02]} {[%emt 00:00:22]} 33. Ke3 {[%clk 00:08:00]}
{[%emt 00:02:28]} Rf6 {[%clk 00:05:23]} {[%emt 00:00:10]} 34. Rd1 {[%clk
00:07:36]} {[%emt 00:00:52]} g5 {[%clk 00:04:22]} {[%emt 00:01:33]} 35. Rg1
{[%clk 00:05:36]} {[%emt 00:02:29]} Rg6 {[%clk 00:04:43]} {[%emt 00:00:10]} 36.
b4 {[%clk 00:03:16]} {[%emt 00:02:51]} f5 {[%clk 00:03:33]} {[%emt 00:01:39]}
37. a3 {[%clk 00:02:30]} {[%emt 00:01:15]} fxe4 {[%clk 00:03:16]} {[%emt
00:00:47]} 38. fxe4 {[%clk 00:02:45]} {[%emt 00:00:15]} g4 {[%clk 00:03:15]}
{[%emt 00:00:31]} 39. Rg3 {[%clk 00:01:27]} {[%emt 00:01:49]} Rg8 {[%clk
00:03:01]} {[%emt 00:00:44]} 40. h4 {[%clk 00:01:15]} {[%emt 00:00:42]} Rf8
{[%clk 00:02:21]} {[%emt 00:01:11]} 41. Kd3 {[%clk 00:29:03]} {[%emt 00:02:42]}
Rf3+ {[%clk 00:28:41]} {[%emt 00:04:10]} 42. Rxf3 {[%clk 00:28:39]} {[%emt
00:00:54]} gxf3 {[%clk 00:29:10]} {[%emt 00:00:01]} 43. Ke3 {[%clk 00:28:26]}
{[%emt 00:00:42]} f2 {[%clk 00:29:35]} {[%emt 00:00:05]} 44. Kxf2 {[%clk
00:28:51]} {[%emt 00:00:06]} Kxe4 {[%clk 00:30:03]} {[%emt 00:00:02]} 45. Kg3
{[%clk 00:29:04]} {[%emt 00:00:17]} Kxd5 {[%clk 00:30:16]} {[%emt 00:00:18]}
46. Kf4 {[%clk 00:28:54]} {[%emt 00:00:39]} e5+ {[%clk 00:30:40]} {[%emt
00:00:06]} 47. Ke3 {[%clk 00:29:15]} {[%emt 00:00:09]} e4 {[%clk 00:30:56]}
{[%emt 00:00:13]} 48. Ke2 {[%clk 00:29:38]} {[%emt 00:00:07]} Kd4 {[%clk
00:29:47]} {[%emt 00:01:39]} 49. Kd2 {[%clk 00:29:52]} {[%emt 00:00:17]} e3+
{[%clk 00:29:49]} {[%emt 00:00:27]} 50. Ke2 {[%clk 00:30:16]} {[%emt 00:00:06]}
Ke4 {[%clk 00:30:14]} {[%emt 00:00:06]} 51. Ke1 {[%clk 00:30:36]} {[%emt
00:00:10]} Kf3 {[%clk 00:30:16]} {[%emt 00:00:27]} 52. Kf1 {[%clk 00:30:54]}
{[%emt 00:00:13]} e2+ {[%clk 00:29:21]} {[%emt 00:01:25]} 53. Ke1 {[%clk
00:31:18]} {[%emt 00:00:04]} Ke3 {[%clk 00:28:30]} {[%emt 00:01:22]} 54. a4
{[%clk 00:31:23]} {[%emt 00:00:27]} bxa4 {[%clk 00:28:52]} {[%emt 00:00:07]}
55. b5 {[%clk 00:31:41]} {[%emt 00:00:11]} a3 {[%clk 00:29:18]} {[%emt
00:00:04]} 0-1

[Event "DEM U14w 2021"]
[Site "Willingen GER"]
[Date "2021.08.26"]
[Round "5"]
[White "Wilmink, Anna"]
[Black "Fischer, Juliane"]
[Result "1-0"]
[Termination "normal"]
[Board "7"]
[WhiteElo "1565"]
[BlackElo "1486"]
[WhiteClock "00:25:22"]
[BlackClock "00:31:17"]
[PlyCount "87"]
[WhiteFideId "16273680"]
[BlackFideId "16290135"]
[EventCountry "GER"]
[EventRounds "9"]
[EventType "swiss"]
[EventDate "2021.08.22"]

1. e4 {[%clk 01:30:58]} {[%emt 00:00:02]} c5 {[%clk 01:30:50]} {[%emt
00:00:10]} 2. Nc3 {[%clk 01:31:20]} {[%emt 00:00:07]} g6 {[%clk 01:31:07]}
{[%emt 00:00:12]} 3. g3 {[%clk 01:31:34]} {[%emt 00:00:17]} Bg7 {[%clk
01:31:21]} {[%emt 00:00:15]} 4. Bg2 {[%clk 01:31:52]} {[%emt 00:00:12]} Nc6
{[%clk 01:31:22]} {[%emt 00:00:30]} 5. d3 {[%clk 01:32:07]} {[%emt 00:00:14]}
d6 {[%clk 01:31:18]} {[%emt 00:00:34]} 6. Be3 {[%clk 01:32:19]} {[%emt
00:00:18]} e5 {[%clk 01:30:56]} {[%emt 00:00:53]} 7. Qd2 {[%clk 01:30:46]}
{[%emt 00:02:03]} Nge7 {[%clk 01:28:47]} {[%emt 00:02:39]} 8. Bh6 {[%clk
01:29:42]} {[%emt 00:01:33]} O-O {[%clk 01:27:12]} {[%emt 00:02:05]} 9. h4
{[%clk 01:28:42]} {[%emt 00:01:31]} f6 {[%clk 01:26:17]} {[%emt 00:01:23]} 10.
Bxg7 {[%clk 01:25:19]} {[%emt 00:03:54]} Kxg7 {[%clk 01:26:33]} {[%emt
00:00:14]} 11. h5 {[%clk 01:24:28]} {[%emt 00:01:21]} g5 {[%clk 01:19:40]}
{[%emt 00:07:23]} 12. h6+ {[%clk 01:20:47]} {[%emt 00:04:11]} Kh8 {[%clk
01:19:14]} {[%emt 00:00:55]} 13. Nge2 {[%clk 01:15:04]} {[%emt 00:06:14]} g4
{[%clk 01:11:26]} {[%emt 00:08:18]} 14. Nd1 {[%clk 00:55:56]} {[%emt 00:19:39]}
Be6 {[%clk 00:53:55]} {[%emt 00:17:59]} 15. Ne3 {[%clk 00:50:15]} {[%emt
00:06:12]} f5 {[%clk 00:47:01]} {[%emt 00:07:24]} 16. exf5 {[%clk 00:46:59]}
{[%emt 00:03:47]} Nxf5 {[%clk 00:44:37]} {[%emt 00:02:53]} 17. Nxf5 {[%clk
00:42:31]} {[%emt 00:04:58]} Rxf5 {[%clk 00:42:19]} {[%emt 00:02:47]} 18. Nc3
{[%clk 00:36:07]} {[%emt 00:06:56]} d5 {[%clk 00:30:40]} {[%emt 00:12:07]} 19.
O-O-O {[%clk 00:30:19]} {[%emt 00:06:19]} Qd7 {[%clk 00:25:57]} {[%emt
00:05:13]} 20. Kb1 {[%clk 00:23:08]} {[%emt 00:07:42]} Raf8 {[%clk 00:24:23]}
{[%emt 00:02:01]} 21. Rhf1 {[%clk 00:20:43]} {[%emt 00:02:56]} Qf7 {[%clk
00:19:40]} {[%emt 00:05:09]} 22. Rde1 {[%clk 00:14:22]} {[%emt 00:06:56]} Nd4
{[%clk 00:13:52]} {[%emt 00:06:16]} 23. a3 {[%clk 00:09:58]} {[%emt 00:04:56]}
b6 {[%clk 00:12:18]} {[%emt 00:02:03]} 24. Bh1 {[%clk 00:08:31]} {[%emt
00:01:57]} Rxf2 {[%clk 00:07:11]} {[%emt 00:05:36]} 25. Rxf2 {[%clk 00:08:50]}
{[%emt 00:00:12]} Qxf2 {[%clk 00:07:37]} {[%emt 00:00:04]} 26. Qxf2 {[%clk
00:09:09]} {[%emt 00:00:11]} Rxf2 {[%clk 00:08:01]} {[%emt 00:00:06]} 27. Bxd5
{[%clk 00:09:10]} {[%emt 00:00:29]} Bxd5 {[%clk 00:07:37]} {[%emt 00:00:53]}
28. Nxd5 {[%clk 00:09:29]} {[%emt 00:00:12]} Rxc2 {[%clk 00:06:55]} {[%emt
00:01:12]} 29. Rxe5 {[%clk 00:09:40]} {[%emt 00:00:19]} Re2 {[%clk 00:06:22]}
{[%emt 00:01:04]} 30. Ne3 {[%clk 00:07:06]} {[%emt 00:03:04]} Kg8 {[%clk
00:05:36]} {[%emt 00:01:15]} 31. Nxg4 {[%clk 00:06:52]} {[%emt 00:00:45]} Rxe5
{[%clk 00:05:13]} {[%emt 00:00:52]} 32. Nxe5 {[%clk 00:07:14]} {[%emt
00:00:10]} Nf5 {[%clk 00:05:32]} {[%emt 00:00:11]} 33. g4 {[%clk 00:05:50]}
{[%emt 00:01:54]} Nxh6 {[%clk 00:05:48]} {[%emt 00:00:12]} 34. b4 {[%clk
00:03:48]} {[%emt 00:02:33]} cxb4 {[%clk 00:05:44]} {[%emt 00:00:35]} 35. axb4
{[%clk 00:04:11]} {[%emt 00:00:07]} Kg7 {[%clk 00:05:15]} {[%emt 00:00:59]} 36.
Kc2 {[%clk 00:03:49]} {[%emt 00:00:52]} Kf6 {[%clk 00:04:47]} {[%emt 00:00:57]}
37. d4 {[%clk 00:03:49]} {[%emt 00:00:31]} Ke6 {[%clk 00:04:25]} {[%emt
00:00:50]} 38. b5 {[%clk 00:02:59]} {[%emt 00:01:20]} Kd5 {[%clk 00:04:13]}
{[%emt 00:00:42]} 39. Kd3 {[%clk 00:02:54]} {[%emt 00:00:36]} Ng8 {[%clk
00:02:27]} {[%emt 00:02:14]} 40. Nc6 {[%clk 00:02:01]} {[%emt 00:01:23]} a6
{[%clk 00:01:26]} {[%emt 00:01:31]} 41. bxa6 {[%clk 00:25:48]} {[%emt
00:06:44]} Kxc6 {[%clk 00:31:41]} {[%emt 00:00:15]} 42. d5+ {[%clk 00:25:53]}
{[%emt 00:00:24]} Kc7 {[%clk 00:31:25]} {[%emt 00:00:47]} 43. d6+ {[%clk
00:26:02]} {[%emt 00:00:22]} Kb8 {[%clk 00:31:17]} {[%emt 00:00:37]} 44. d7
{[%clk 00:25:22]} {[%emt 00:01:10]} 1-0